| 000 | 00781 a2200193 4500 | ||
|---|---|---|---|
| 001 | 59652 | ||
| 005 | 20260407155850.0 | ||
| 008 | 260407a1971 arg spa d | ||
| 003 | AR-UNSa-BCEJYS | ||
| 040 |
_aAR-UNSa-BCEJYS _bspa _cAR-UNSa-BCEJYS |
||
| 080 |
_a330.34(7/8) _xDesarrollo Económico de América Latina |
||
| 245 | 1 | 0 |
_aHacia una dinámica del desarrollo latinoamericano _pcon un apéndice sobre el falso dilemaa entre desarrollo económico y estabilidad monetaria |
| 264 | 1 |
_aMéxico : _bFondo de Cultura Económica _c1971 |
|
| 300 |
_a210 p. _c21 cm. |
||
| 505 | _a1. Factores generales - 2. Los factores estructurales internos - 3. El estrangulamiento exterior del desarrollo | ||
| 942 | _cBK | ||
| 590 | _aniveau_biblio:m niveau_hierar:0 | ||
| 100 | 1 | _aPrebisch, Raúl | |
| 999 |
_c6772 _d6772 |
||